Trestné právo procesné I Všeobecná časť

Bibliographic Details
Main Authors: Ivor, Jaroslav, 1952- (Author), Polák, Peter, 1957- (Author), Záhora, Jozef, 1968- (Author)
Format: Book
Language:Slovak
PhysicalDescription:595 strán 22 cm
Published: Bratislava Wolters Kluwer 2021
ISBN:9788057103325
Edition:2. vydanie
Subjects:

MARC

LEADER 00000cam a2200000 4500
001 vtls012025130
003 SK-MaSNL
005 20260426003814.0
008 210427s2021 xo f p 001 0dslo
015 |a SNBA2021/10 
020 |a 9788057103325  |q (viazané) 
040 |a SNK  |b slo  |c SNK  |e rda 
041 0 |a slo 
043 |a e-xo--- 
044 |a xo  |c SK 
072 7 |a 343  |x Trestné právo  |2 konspekt 
080 |a 343.13  |2 2011 
080 |a (437.6)  |2 2011 
080 |a (075.8)  |2 2011 
100 1 |a Ivor, Jaroslav,  |d 1952-  |4 aut  |9 90932 
245 1 0 |a Trestné právo procesné  |n I  |p Všeobecná časť  |c Jaroslav Ivor, Peter Polák, Jozef Záhora 
246 3 0 |a Všeobecná časť 
246 3 8 |a Trestné právo procesné I 
250 |a 2. vydanie 
264 1 |a Bratislava  |b Wolters Kluwer  |c 2021 
300 |a 595 strán  |c 22 cm 
336 |a text  |b txt  |2 rdacontent 
337 |a bez média  |b n  |2 rdamedia 
338 |a zväzok  |b nc  |2 rdacarrier 
500 |a Obsahuje biografické údaje o autoroch 
500 |a Obsahuje zoznam skratiek a značiek 
504 |a Bibliografia na strane 580-582 ; vecný register 
650 0 7 |a trestné právo procesné  |2 SNKPH  |9 2379 
650 0 7 |a Procedural criminal law  |2 SNKPHeng  |9 329560 
651 7 |a Slovensko  |2 SNKPHgeo  |9 14231 
651 7 |a Slovakia  |2 SNKPHeng  |9 92630 
655 7 |a učebnice vysokých škôl  |2 SNKPH  |9 70191 
655 7 |a Textbooks (higher)  |2 SNKPHeng  |9 276436 
700 1 |a Polák, Peter,  |d 1957-  |4 aut  |9 151313 
700 1 |a Záhora, Jozef,  |d 1968-  |4 aut  |9 100088 
852 |a Štátna vedecká knižnica v Banskej Bystrici 
919 |a 978-80-571-0332-5 
919 |a 978-80-571-0333-2 
958 |a NB 
999 |c 955621  |d 957551 
952 |a SNK  |b SNK  |y PREZ  |7 0  |p 17A1466537  |o snkSC 194719/1  |i snk2021/15035  |8 0  |0 0  |1 0  |4 0  |d 2021-10-11  |f 1  |l 0  |r 2025-10-14 00:00:00  |w 2026-02-24 
952 |a SNK  |b SNK  |y VYP  |7 0  |p 17A1467236  |o snkSC 194719/1 D1  |i snk2021/16131  |8 3  |g 24.35  |0 0  |1 0  |4 0  |d 2021-10-19  |l 0  |r 2026-02-24 10:02:04  |w 2026-02-24